Sams teach yourself python in 24 hours / (Record no. 142351)

MARC details
000 -LEADER
fixed length control field 00604nam a22001697a 4500
020 ## - INTERNATIONAL STANDARD BOOK NUMBER
International Standard Book Number 9789332536029
Terms of availability 449.00
035 ## - SYSTEM CONTROL NUMBER
System control number B-668127
037 ## - SOURCE OF ACQUISITION
Source of stock number/acquisition Techniz
Stock number dpl
082 ## - DEWEY DECIMAL CLASSIFICATION NUMBER
Classification number 005.133
100 ## - MAIN ENTRY--PERSONAL NAME
Personal name Cunningham, Katie
245 ## - TITLE STATEMENT
Title Sams teach yourself python in 24 hours /
260 ## - PUBLICATION, DISTRIBUTION, ETC. (IMPRINT)
Date of publication, distribution, etc 2014
Place of publication, distribution, etc Noida
Name of publisher, distributor, etc Pearson
270 ## - ADDRESS
Address 7th Floor, Knowledge Boulevard, A-8(A), Sector-62,
City Noida
Postal code 201309
300 ## - PHYSICAL DESCRIPTION
Dimensions 25cm(pbk)
Extent 302p.
942 ## - ADDED ENTRY ELEMENTS (KOHA)
Item type English Books
Source of classification or shelving scheme Dewey Decimal Classification
Call number suffix CUN
Classification part 005.133
Holdings
Withdrawn status Lost status Not for loan Collection code Home library Current library Date acquired Source of acquisition Cost, normal purchase price Full call number Barcode Copy number Cost, replacement price Koha item type
      Non-fiction Ashok Vihar Ashok Vihar 07/07/2017 BPPD/EN/2014-15/AV/16-17/434/15.2.2017/17435/24.2.2017/ 18.3.2017 449.00 005.133 CUN B-668127 1 449.00 English Books

© Delhi Public Library
Hit Counter
free hit counter